[Event "EOBCC 2020"]
[Site "Online"]
[Date "2020.12.18"]
[Round "8.105"]
[White "Hirneise, Tobias"]
[Black "Ivlev, Aleksey"]
[Result "1-0"]
[WhiteElo "2452"]
[BlackElo "2315"]
[Annotator "ChessBase"]
[PlyCount "83"]
[EventDate "2020.12.18"]
[EventType "tourn"]
[EventCountry "NET"]
[SourceTitle "playchess.com"]
[Source "ChessBase"]
[SourceQuality "1"]

1. e4 c5 2. Nf3 d6 3. d4 cxd4 4. Nxd4 Nf6 5. Nc3 g6 6. Be2 Bg7 7. O-O O-O 8. Re1 Bd7 9. Bf1 Nc6 10. Nb3 Rc8 11. Bg5 Ne5 12. Nd5 Nxd5 13. exd5 h6 14. Bh4 g5 15. Bg3 f5 16. f3 f4 17. Bf2 g4 18. fxg4 Bxg4 19. Qd2 Bf5 20. Nd4 Ng4 21. Nxf5 Rxf5 22. Bd3 Rf8 23. c3 f3 24. g3 a6 25. Re6 Rf6 26. Rae1 Rxe6 27. Rxe6 b5 28. Bf5 Nxf2 29. Qxf2 b4 30. Rg6 bxc3 31. Qd4 e5 32. dxe6 Qe7 33. bxc3 Kh8 34. Rxh6+ Kg8 35. Rg6 Kf8 36. Rxg7 Qxg7 37. e7+ Qxe7 38. Qh8+ Kf7 39. Qh7+ Kf6 40. Qxe7+ Kxe7 41. Bxc8 a5 42. Kf2 1-0

[Event "EOBCC 2020"]
[Site "Online"]
[Date "2020.12.18"]
[Round "8.107"]
[White "Antonov, Alexandr"]
[Black "Koksal, Ege"]
[Result "1/2-1/2"]
[WhiteElo "2309"]
[BlackElo "2353"]
[Annotator "NA"]
[PlyCount "85"]
[EventDate "2020.12.18"]
[EventType "tourn"]
[EventCountry "NET"]
[SourceTitle "playchess.com"]
[Source "ChessBase"]
[SourceQuality "1"]

1. c4 Nf6 2. Nc3 c5 3. e4 d6 4. g3 g6 5. Bg2 Bg7 6. Nge2 O-O 7. f4 Nc6 8. d3 Bg4 9. O-O Nd7 10. h3 Bxe2 11. Nxe2 Rb8 12. Rb1 b5 13. b3 bxc4 14. dxc4 Nd4 15. Be3 Nxe2+ 16. Qxe2 a5 17. Rfd1 Qc7 18. g4 Rb4 19. f5 Ne5 20. Bd2 Rbb8 21. Bc3 Nc6 22. Bxg7 Kxg7 23. g5 Nd4 24. Qf2 f6 25. h4 e6 26. fxg6 hxg6 27. Qe3 Qe7 28. Rf1 fxg5 29. hxg5 e5 30. Rb2 Rxf1+ 31. Bxf1 Rf8 32. Rf2 Rf4 33. Qg3 Qf7 34. Rxf4 exf4 35. Qh3 f3 36. Kf2 Kg8 37. Qc8+ Kg7 38. Bh3 Qe7 39. Qg4 Qb7 40. Qf4 Qe7 41. Qg4 Qb7 42. Qf4 Qe7 43. Qg4 1/2-1/2

[Event "EOBCC 2020"]
[Site "Online"]
[Date "2020.12.18"]
[Round "8.108"]
[White "Koc, Przemyslaw"]
[Black "Zabrzanska, Weronika"]
[Result "1-0"]
[WhiteElo "2346"]
[BlackElo "1849"]
[Annotator "NA"]
[PlyCount "67"]
[EventDate "2020.12.18"]
[EventType "tourn"]
[EventCountry "NET"]
[SourceTitle "playchess.com"]
[Source "ChessBase"]
[SourceQuality "1"]

1. d4 d5 2. Nc3 e6 3. Bf4 Nf6 4. e3 Be7 5. g4 h6 6. Bd3 Nbd7 7. Nb5 e5 8. dxe5 Ne4 9. e6 Ndf6 10. Bxc7 Bb4+ 11. c3 Nxc3 12. bxc3 Bxc3+ 13. Kf1 Qe7 14. Bd6 Qd8 15. Nc7+ Qxc7 16. Bxc7 Bxa1 17. Qxa1 Bxe6 18. h3 Rc8 19. Be5 O-O 20. Bxf6 gxf6 21. Ne2 Rc6 22. Kg2 Rfc8 23. Rc1 Rxc1 24. Nxc1 d4 25. exd4 Bd5+ 26. f3 b6 27. Ne2 Be6 28. Nf4 Kg7 29. d5 Bd7 30. Nh5+ Kf8 31. Qxf6 Rc1 32. Qd6+ Kg8 33. Qxd7 Rc5 34. Be4 1-0

[Event "EOBCC 2020"]
[Site "Online"]
[Date "2020.12.18"]
[Round "8.109"]
[White "Hirneise, Jens"]
[Black "Spitzl, Vinzent"]
[Result "1-0"]
[WhiteElo "2289"]
[BlackElo "2346"]
[Annotator "NA"]
[PlyCount "99"]
[EventDate "2020.12.18"]
[EventType "tourn"]
[EventCountry "NET"]
[SourceTitle "playchess.com"]
[Source "ChessBase"]
[SourceQuality "1"]

1. e4 c5 2. Nc3 Nc6 3. Nf3 e5 4. Bc4 d6 5. d3 Be7 6. Nd2 Nf6 7. Nf1 O-O 8. Ne3 a6 9. a4 Be6 10. O-O Nd4 11. Bd5 Rb8 12. a5 Qd7 13. f4 Bxd5 14. Ncxd5 Nxd5 15. Nxd5 f5 16. c3 Nc6 17. fxe5 dxe5 18. Nxe7+ Nxe7 19. Be3 Qd6 20. Qb3+ Kh8 21. Qc4 Rbc8 22. exf5 Nxf5 23. Rae1 Nxe3 24. Rxf8+ Rxf8 25. Rxe3 h6 26. Qe4 Rd8 27. h3 Rd7 28. Qxe5 Qxe5 29. Rxe5 Rxd3 30. Rxc5 Rd7 31. b4 Kg8 32. c4 Kf7 33. Kf2 Ke6 34. Ke3 g5 35. g4 Rf7 36. b5 axb5 37. cxb5 Kd6 38. Rf5 Re7+ 39. Kd4 Re6 40. Rd5+ Kc7 41. Re5 Rd6+ 42. Kc5 Rd1 43. Re7+ Kc8 44. a6 bxa6 45. bxa6 Rc1+ 46. Kd5 Ra1 47. a7 Ra6 48. Ke5 Kd8 49. Rh7 Ke8 50. a8=Q+ 1-0

[Event "EOBCC 2020"]
[Site "Online"]
[Date "2020.12.18"]
[Round "8.110"]
[White "Gubajdullin, Alexei"]
[Black "Sowinski, Pawel"]
[Result "1-0"]
[WhiteElo "2343"]
[BlackElo "1767"]
[Annotator "ChessBase"]
[PlyCount "121"]
[EventDate "2020.12.18"]
[EventType "tourn"]
[EventCountry "NET"]
[SourceTitle "playchess.com"]
[Source "ChessBase"]
[SourceQuality "1"]

1. d4 Nf6 2. Bf4 d6 3. Nf3 g6 4. e3 Bg7 5. Be2 O-O 6. O-O Nbd7 7. h3 Re8 8. Bh2 c6 9. c4 c5 10. Nc3 Nb6 11. dxc5 dxc5 12. Qxd8 Rxd8 13. Rad1 Rxd1 14. Rxd1 Be6 15. b3 Ng4 16. Nb5 Nxh2 17. Nxh2 a6 18. Nc7 Rc8 19. Nxe6 fxe6 20. Bg4 Kf7 21. Nf3 Bf6 22. h4 h6 23. h5 g5 24. g3 a5 25. Rd3 a4 26. Nd2 axb3 27. axb3 Ra8 28. Ne4 Rc8 29. Kg2 Na8 30. Bf3 b6 31. Nd2 Nc7 32. Bb7 Rb8 33. Bc6 Na6 34. Rd7 Nb4 35. Be4 Bc3 36. Bg6+ Kf8 37. Ne4 Be5 38. Ra7 b5 39. Nxc5 bxc4 40. Nxe6+ Kg8 41. bxc4 Nc6 42. Rd7 Bf6 43. Be4 Ne5 44. Rc7 Rb4 45. Bd5 Rb8 46. Nxg5+ Kf8 47. Ne6+ Ke8 48. Nf4 Bh8 49. Ng6 Nxg6 50. hxg6 Be5 51. Ra7 Bf6 52. f4 Kf8 53. e4 h5 54. e5 Bg7 55. Kf3 Rb3+ 56. Ke4 Rb8 57. f5 Bh6 58. f6 exf6 59. exf6 Bg5 60. g7+ Ke8 61. g8=Q# 1-0

[Event "EOBCC 2020"]
[Site "Online"]
[Date "2020.12.18"]
[Round "8.111"]
[White "Muller, Anthony"]
[Black "Stukan, Martin"]
[Result "0-1"]
[WhiteElo "2269"]
[BlackElo "2342"]
[Annotator "NA"]
[PlyCount "74"]
[EventDate "2020.12.18"]
[EventType "tourn"]
[EventCountry "NET"]
[SourceTitle "playchess.com"]
[Source "ChessBase"]
[SourceQuality "1"]

1. d4 Nf6 2. c4 g6 3. Nc3 Bg7 4. e4 d6 5. Nf3 O-O 6. Be2 e5 7. O-O c6 8. d5 Na6 9. Bg5 h6 10. Be3 Ng4 11. Bd2 f5 12. a3 Nc5 13. exf5 gxf5 14. b4 Ne4 15. Nxe4 fxe4 16. Ne1 Qh4 17. Bxg4 Bxg4 18. Qb3 cxd5 19. cxd5 Be2 20. Nc2 Rac8 21. Be3 Bc4 22. Qb2 Bxf1 23. Rxf1 Qg4 24. b5 Qe2 25. Rc1 Rc4 26. h4 Rfc8 27. Bxa7 Rxc2 28. Rxc2 Qxc2 29. Qb4 Bf8 30. Kh2 Qc4 31. Qd2 e3 32. Qxe3 Qxh4+ 33. Kg1 Qg5 34. Qe4 Rc1+ 35. Kh2 Qh5+ 36. Kg3 Be7 37. Be3 Rh1 0-1

[Event "EOBCC 2020"]
[Site "Online"]
[Date "2020.12.18"]
[Round "8.112"]
[White "Rudzinska, Michalina"]
[Black "Kusa, Jakub"]
[Result "0-1"]
[WhiteElo "2189"]
[BlackElo "2336"]
[Annotator "ChessBase"]
[PlyCount "82"]
[EventDate "2020.12.18"]
[EventType "tourn"]
[EventCountry "NET"]
[SourceTitle "playchess.com"]
[Source "ChessBase"]
[SourceQuality "1"]

1. e4 e5 2. Nf3 Nc6 3. Bb5 a6 4. Ba4 Nf6 5. d3 Bc5 6. c3 b5 7. Bb3 d6 8. O-O h6 9. Re1 O-O 10. Nbd2 Be6 11. Bc2 Ng4 12. Re2 f5 13. h3 Nf6 14. Nf1 fxe4 15. dxe4 Qe8 16. Re1 Nh5 17. Ne3 Nf4 18. Nf5 Qg6 19. Bxf4 exf4 20. N3h4 Qf6 21. Qf3 g5 22. Qh5 gxh4 23. Nxh6+ Kg7 24. Nf5+ Bxf5 25. exf5 Ne5 26. Rad1 Rh8 27. Qe2 Rag8 28. Qe4 Kh6 29. Qxf4+ Qg5 30. Qe4 Rg7 31. Kh1 Rhg8 32. f4 Qxg2+ 33. Qxg2 Rxg2 34. fxe5 Rxc2 35. b4 Bb6 36. exd6 Rgg2 37. Rd4 Bxd4 38. cxd4 cxd6 39. Re6+ Kh5 40. Rxd6 Rgd2 41. f6 Rc1# 0-1

[Event "EOBCC 2020"]
[Site "Online"]
[Date "2020.12.18"]
[Round "8.113"]
[White "Papp, Petra"]
[Black "Myrmus, Mateusz"]
[Result "1-0"]
[WhiteElo "2336"]
[BlackElo "1683"]
[Annotator "NA"]
[PlyCount "63"]
[EventDate "2020.12.18"]
[EventType "tourn"]
[EventCountry "NET"]
[SourceTitle "playchess.com"]
[Source "ChessBase"]
[SourceQuality "1"]

1. e4 e6 2. d4 d5 3. Nc3 Nf6 4. e5 Nfd7 5. f4 c5 6. Nf3 Nc6 7. Be3 cxd4 8. Nxd4 Bc5 9. Qd2 a6 10. O-O-O Nxd4 11. Bxd4 O-O 12. Kb1 b5 13. h4 Qb6 14. Ne2 a5 15. h5 b4 16. h6 g6 17. g4 a4 18. Qe3 b3 19. cxb3 axb3 20. a3 Ba6 21. f5 Rfc8 22. Bxc5 Nxc5 23. Nd4 Ne4 24. Bg2 Nc5 25. fxe6 fxe6 26. Nxe6 Qa5 27. Bxd5 Kh8 28. Ng5 Nd3 29. Rxd3 Bxd3+ 30. Qxd3 Rd8 31. Nf7+ Kg8 32. Nxd8+ 1-0

[Event "EOBCC 2020"]
[Site "Online"]
[Date "2020.12.18"]
[Round "8.114"]
[White "Szczurek, Krzysztof"]
[Black "Sliwicka, Alicja"]
[Result "0-1"]
[WhiteElo "2031"]
[BlackElo "2311"]
[Annotator "ChessBase"]
[PlyCount "122"]
[EventDate "2020.12.18"]
[EventType "tourn"]
[EventCountry "NET"]
[SourceTitle "playchess.com"]
[Source "ChessBase"]
[SourceQuality "1"]

1. e4 c5 2. c3 d5 3. exd5 Qxd5 4. d4 Nc6 5. Nf3 e6 6. Na3 Nf6 7. Nb5 Qd8 8. Bg5 a6 9. Na3 cxd4 10. Nxd4 Nxd4 11. Qxd4 Qxd4 12. cxd4 Bb4+ 13. Ke2 Bxa3 14. Bxf6 gxf6 15. bxa3 Bd7 16. Ke3 Rc8 17. Kd2 Rg8 18. g3 Bc6 19. Rg1 Rg4 20. Ke3 Re4+ 21. Kd3 Rd8 22. Kc3 Rexd4 23. Be2 Rd2 24. Rge1 Ke7 25. h4 Ba4 26. Rac1 Rxa2 27. Kb4 Rd4+ 28. Kc5 Rd5+ 29. Kb4 Bc6 30. Bc4 Rb2+ 31. Kc3 Rdd2 32. f4 b5 33. Bf1 Bd5 34. Rb1 Rxb1 35. Rxb1 Ra2 36. Kb4 Kd6 37. Rc1 Kd7 38. Rd1 Rb2+ 39. Kc5 Rb3 40. Bg2 Rc3+ 41. Kb6 Kd6 42. Kxa6 Rxa3+ 43. Kxb5 Rxg3 44. Bf1 Rg4 45. Rd4 Rxh4 46. Kb4 Rg4 47. Kc3 h5 48. Kd2 e5 49. fxe5+ fxe5 50. Rd3 Rd4 51. Rxd4 exd4 52. Kd3 Ke5 53. Bh3 Be4+ 54. Kd2 f5 55. Ke2 f4 56. Bf1 f3+ 57. Kf2 Kf4 58. Bh3 Bc2 59. Bf1 d3 60. Ke1 Ke3 61. Be2 d2+ 0-1

[Event "EOBCC 2020"]
[Site "Online"]
[Date "2020.12.18"]
[Round "8.115"]
[White "Goraj, Barbara"]
[Black "Lazov, Toni"]
[Result "0-1"]
[WhiteElo "2078"]
[BlackElo "2405"]
[Annotator "NA"]
[PlyCount "58"]
[EventDate "2020.12.18"]
[EventType "tourn"]
[EventCountry "NET"]
[SourceTitle "playchess.com"]
[Source "ChessBase"]
[SourceQuality "1"]

1. e4 c5 2. Nf3 d6 3. d4 Nf6 4. Nc3 cxd4 5. Nxd4 a6 6. h3 e5 7. Nb3 Be6 8. f4 Be7 9. f5 Bc8 10. Qf3 b5 11. a3 Bb7 12. Bg5 Nbd7 13. O-O-O Rc8 14. g4 Rxc3 15. Qxc3 Nxe4 16. Bxe7 Nxc3 17. Bxd8 Nxd1 18. Rg1 Kxd8 19. Kxd1 Ke7 20. Bg2 Bxg2 21. Rxg2 Rc8 22. Rd2 Rc4 23. Ke2 h5 24. Na5 Re4+ 25. Kf3 Rf4+ 26. Kg3 hxg4 27. hxg4 Nf6 28. Nc6+ Ke8 29. Rxd6 Ne4+ 0-1

[Event "EOBCC 2020"]
[Site "Online"]
[Date "2020.12.18"]
[Round "8.116"]
[White "Sochacki, Wojtek"]
[Black "Haring, Filip"]
[Result "0-1"]
[WhiteElo "2320"]
[BlackElo "2376"]
[Annotator "NA"]
[PlyCount "30"]
[EventDate "2020.12.18"]
[EventType "tourn"]
[EventCountry "NET"]
[SourceTitle "playchess.com"]
[Source "ChessBase"]
[SourceQuality "1"]

1. e4 c6 2. Nf3 d5 3. Nc3 dxe4 4. Nxe4 Nf6 5. Nxf6+ exf6 6. d4 Bd6 7. Bd3 O-O 8. h3 Re8+ 9. Be3 Nd7 10. O-O Nf8 11. Qd2 Be6 12. Rfe1 Qd7 13. Rad1 Bxh3 14. gxh3 Qxh3 15. Be2 Re4 0-1

[Event "EOBCC 2020"]
[Site "Online"]
[Date "2020.12.18"]
[Round "8.117"]
[White "Seul, Georg"]
[Black "Vitenberg, Noam Aviv"]
[Result "1-0"]
[WhiteElo "2372"]
[BlackElo "2320"]
[Annotator "ChessBase"]
[PlyCount "113"]
[EventDate "2020.12.18"]
[EventType "tourn"]
[EventCountry "NET"]
[SourceTitle "playchess.com"]
[Source "ChessBase"]
[SourceQuality "1"]

1. e4 e5 2. Nc3 Nf6 3. f4 d5 4. fxe5 Nxe4 5. Qf3 Nxc3 6. bxc3 Be7 7. d4 Be6 8. Bd3 c5 9. Ne2 Nc6 10. O-O Qd7 11. Be3 O-O-O 12. Nf4 Bg4 13. Qf2 Rhf8 14. h3 Be6 15. Qg3 g6 16. Nxe6 fxe6 17. Qg4 Kb8 18. Bh6 Rxf1+ 19. Rxf1 c4 20. Be2 Ba3 21. Rf6 Bb2 22. Bd2 Re8 23. h4 Nd8 24. Qf4 Qa4 25. Rf8 Kc8 26. Kh2 Rxf8 27. Qxf8 Ba3 28. Qg8 Qd7 29. Bg4 Kc7 30. Bg5 Be7 31. Bf6 Bxf6 32. exf6 Qf7 33. Qxf7+ Nxf7 34. Bxe6 Nh6 35. f7 Nxf7 36. Bxf7 Kd6 37. Kg3 b5 38. Kf4 a5 39. a3 h6 40. Bxg6 Ke6 41. Bh7 Kf6 42. Bg8 b4 43. cxb4 axb4 44. axb4 c3 45. Bxd5 Ke7 46. b5 Kd6 47. b6 Kd7 48. b7 Kc7 49. Bc6 Kb8 50. d5 Kc7 51. d6+ Kb8 52. d7 Kc7 53. d8=Q+ Kxd8 54. b8=Q+ Ke7 55. Qc7+ Kf6 56. Qe5+ Kg6 57. h5+ 1-0

[Event "EOBCC 2020"]
[Site "Online"]
[Date "2020.12.18"]
[Round "8.118"]
[White "Mamedjarova, Turkan"]
[Black "Maly, Alexey"]
[Result "0-1"]
[WhiteElo "2309"]
[BlackElo "2371"]
[Annotator "NA"]
[PlyCount "74"]
[EventDate "2020.12.18"]
[EventType "tourn"]
[EventCountry "NET"]
[SourceTitle "playchess.com"]
[Source "ChessBase"]
[SourceQuality "1"]

1. d4 d5 2. Nf3 Nf6 3. c4 dxc4 4. Nc3 a6 5. a4 Nc6 6. e3 Na5 7. Nd2 Be6 8. Qc2 g6 9. Be2 Bg7 10. O-O O-O 11. Rd1 c5 12. dxc5 Qc7 13. Nde4 Nxe4 14. Nxe4 Nb3 15. Ra3 Nxc5 16. Nxc5 Qxc5 17. e4 b5 18. Bd2 Bd4 19. Be1 Rfd8 20. Rc1 Rac8 21. Rg3 b4 22. h4 a5 23. h5 Be5 24. Rg5 Bh2+ 25. Kxh2 Qxg5 26. g3 Bg4 27. Bxg4 Qxg4 28. hxg6 hxg6 29. Kg2 Rd4 30. f3 Qd7 31. Qe2 Rd3 32. Qf1 Qxa4 33. Bf2 Qb3 34. Qe2 Rcd8 35. f4 Rd2 36. Qg4 Rxf2+ 37. Kxf2 Qxb2+ 0-1

[Event "EOBCC 2020"]
[Site "Online"]
[Date "2020.12.18"]
[Round "8.119"]
[White "Aizenberg, Benny"]
[Black "Voit, Daria"]
[Result "0-1"]
[WhiteElo "2279"]
[BlackElo "2353"]
[Annotator "ChessBase"]
[PlyCount "100"]
[EventDate "2020.12.18"]
[EventType "tourn"]
[EventCountry "NET"]
[SourceTitle "playchess.com"]
[Source "ChessBase"]
[SourceQuality "1"]

1. e4 e6 2. d4 d5 3. Nc3 Bb4 4. e5 Ne7 5. a3 Bxc3+ 6. bxc3 b6 7. Qg4 Ng6 8. Bd3 Ba6 9. Nf3 Bxd3 10. cxd3 c5 11. Bg5 Qd7 12. O-O Nc6 13. dxc5 bxc5 14. d4 O-O 15. Rfd1 cxd4 16. cxd4 Rfc8 17. Nh4 Rab8 18. Nxg6 fxg6 19. h3 Na5 20. Rab1 Qf7 21. Qe2 Rxb1 22. Rxb1 Qf5 23. Qe1 Nc4 24. Be7 h6 25. Rb7 a6 26. Qc1 Qd3 27. Bf6 g5 28. Rxg7+ Kf8 29. Qf1 Qxd4 30. Qe1 Nd2 31. Rh7 Rc2 32. Be7+ Ke8 33. Bb4 Ne4 34. Rh8+ Kf7 35. Rf8+ Kg7 36. Qf1 a5 37. Be7 Rd2 38. Kh2 Rxf2 39. Rxf2 Qxf2 40. Bf6+ Kg6 41. Qd3 h5 42. h4 Qxh4+ 43. Kg1 Qf2+ 44. Kh2 h4 45. Bd8 Qg3+ 46. Qxg3 hxg3+ 47. Kh3 a4 48. Kg4 d4 49. Kf3 Kf5 50. Bc7 g4+ 0-1

[Event "EOBCC 2020"]
[Site "Online"]
[Date "2020.12.18"]
[Round "8.120"]
[White "Starosta, Martyna"]
[Black "Okhotnik, Vladimir"]
[Result "1/2-1/2"]
[WhiteElo "2094"]
[BlackElo "2350"]
[Annotator "ChessBase"]
[PlyCount "150"]
[EventDate "2020.12.18"]
[EventType "tourn"]
[EventCountry "NET"]
[SourceTitle "playchess.com"]
[Source "ChessBase"]
[SourceQuality "1"]

1. e4 c6 2. d4 d5 3. Nc3 dxe4 4. Nxe4 Nf6 5. Nxf6+ exf6 6. c3 Bd6 7. Bd3 O-O 8. Qf3 Re8+ 9. Ne2 Qd7 10. O-O Qg4 11. Qxg4 Bxg4 12. f3 Bh5 13. Nf4 Bxf4 14. Bxf4 Bg6 15. Bc4 Nd7 16. Rae1 Nb6 17. Bb3 Nd5 18. Bd2 b5 19. Kf2 a5 20. a4 bxa4 21. Bxa4 Rec8 22. Bc1 Bd3 23. Rg1 Bb5 24. Bb3 a4 25. Bxd5 cxd5 26. Re3 Bc4 27. Rge1 g6 28. Re7 Kg7 29. Rb7 Rcb8 30. Ree7 Rxb7 31. Rxb7 g5 32. f4 h6 33. f5 Re8 34. Be3 h5 35. Ra7 Bb3 36. h3 h4 37. Rb7 Bc2 38. Ra7 Rb8 39. Bc1 Bxf5 40. Rxa4 Be4 41. Ra7 Kg6 42. b4 Rc8 43. Bd2 Bd3 44. Rd7 Bc4 45. Rb7 Re8 46. Be3 Ra8 47. b5 Ra2+ 48. Kg1 Bd3 49. b6 Be4 50. Rb8 Rxg2+ 51. Kf1 Rb2 52. b7 Bg2+ 53. Ke1 Bxh3 54. Rg8+ Kf5 55. b8=Q Rxb8 56. Rxb8 g4 57. Kf2 g3+ 58. Kg1 Bg4 59. Re8 Bf3 60. Bf2 Kg4 61. Rg8+ Kf4 62. Rh8 Kg4 63. Rh6 f5 64. Rh7 f4 65. Rg7+ Kf5 66. Rxf7+ Kg5 67. Rg7+ Kh5 68. Rh7+ Kg5 69. Rh8 Kg4 70. Rg8+ Kf5 71. Rh8 Kg5 72. Rg8+ Kh5 73. Rh8+ Kg5 74. Rg8+ Kh6 75. Rh8+ Kg5 1/2-1/2

[Event "EOBCC 2020"]
[Site "Online"]
[Date "2020.12.18"]
[Round "8.121"]
[White "Krayz, Alexander"]
[Black "Radeva, Viktoria"]
[Result "1-0"]
[WhiteElo "2346"]
[BlackElo "2274"]
[Annotator "NA"]
[PlyCount "101"]
[EventDate "2020.12.18"]
[EventType "tourn"]
[EventCountry "NET"]
[SourceTitle "playchess.com"]
[Source "ChessBase"]
[SourceQuality "1"]

1. e4 c5 2. Nf3 e6 3. c3 d5 4. exd5 Qxd5 5. d4 Nf6 6. Be3 cxd4 7. cxd4 Nc6 8. Nc3 Bb4 9. Bd3 O-O 10. O-O Qa5 11. Qc2 h6 12. a3 Bxc3 13. bxc3 b6 14. c4 Bb7 15. h3 Rac8 16. Qe2 Qh5 17. Rac1 Rfd8 18. Rfd1 Na5 19. Ne5 Qxe2 20. Bxe2 Nd7 21. Nxd7 Rxd7 22. c5 Be4 23. cxb6 Rxc1 24. Rxc1 axb6 25. d5 Bxd5 26. Bxb6 Nb3 27. Rc8+ Kh7 28. a4 Bb7 29. Rd8 Rxd8 30. Bxd8 Nc5 31. a5 Kg6 32. Bb6 Na6 33. Bd3+ f5 34. f4 Kf7 35. Kf2 g5 36. g3 Nb4 37. Bc4 gxf4 38. gxf4 Nd5 39. Kg3 Nxb6 40. axb6 Kf6 41. Be2 e5 42. fxe5+ Kxe5 43. Bf3 f4+ 44. Kf2 Bxf3 45. Kxf3 Kd6 46. Kxf4 Kc6 47. Kf5 Kxb6 48. Kg6 Kc7 49. Kxh6 Kd8 50. Kg7 Ke7 51. h4 1-0

[Event "EOBCC 2020"]
[Site "Online"]
[Date "2020.12.18"]
[Round "8.122"]
[White "Mazi, Leon"]
[Black "Mostbauer, Florian"]
[Result "0-1"]
[WhiteElo "2340"]
[BlackElo "2304"]
[Annotator "ChessBase"]
[PlyCount "138"]
[EventDate "2020.12.18"]
[EventType "tourn"]
[EventCountry "NET"]
[SourceTitle "playchess.com"]
[Source "ChessBase"]
[SourceQuality "1"]

1. e4 c6 2. Nc3 d5 3. d4 dxe4 4. Nxe4 Nf6 5. Nxf6+ exf6 6. Bc4 Na6 7. c3 Nc7 8. Ne2 Bd6 9. Bf4 O-O 10. Bxd6 Qxd6 11. Qd2 b5 12. Bb3 Be6 13. Qf4 Rad8 14. Qxd6 Rxd6 15. Nf4 Nd5 16. Nd3 Bf5 17. Nc5 Nf4 18. g3 Re8+ 19. Kd2 Ne6 20. Rhe1 Kf8 21. Bxe6 fxe6 22. f4 e5 23. fxe5 fxe5 24. Rf1 Rf6 25. Rae1 exd4 26. cxd4 Rxe1 27. Rxe1 Kf7 28. Kc3 Be6 29. Kb4 Bd5 30. Re2 Rf1 31. Rd2 Bxa2 32. b3 Bb1 33. Na6 Be4 34. Kc5 Bd5 35. b4 Ra1 36. Nb8 Rc1+ 37. Kd6 Rc4 38. Rf2+ Kg6 39. Rf4 Rxb4 40. Nxc6 Bxc6 41. Kxc6 a5 42. d5 Rxf4 43. gxf4 b4 44. d6 b3 45. d7 b2 46. d8=Q b1=Q 47. Qg5+ Kf7 48. Qxa5 Qg6+ 49. Kc7 Qe6 50. Qh5+ Kg8 51. Qg5 h6 52. Qe5 Kf7 53. Qh5+ Qg6 54. Qd5+ Qe6 55. Qh5+ Kf8 56. Qf3 g6 57. Qg3 Kf7 58. Qf3 Qc4+ 59. Kd6 Qd4+ 60. Kc6 Kf6 61. Qg4 Qe4+ 62. Kb5 Qf5+ 63. Qxf5+ Kxf5 64. Kc4 Kxf4 65. Kd3 Kf3 66. Kd2 Kg2 67. h4 Kh3 68. h5 g5 69. Ke3 Kh4 0-1

[Event "EOBCC 2020"]
[Site "Online"]
[Date "2020.12.18"]
[Round "8.123"]
[White "Burkart, Patrick"]
[Black "Malicka, Maria"]
[Result "1/2-1/2"]
[WhiteElo "2322"]
[BlackElo "2291"]
[Annotator "NA"]
[PlyCount "70"]
[EventDate "2020.12.18"]
[EventType "tourn"]
[EventCountry "NET"]
[SourceTitle "playchess.com"]
[Source "ChessBase"]
[SourceQuality "1"]

1. d4 Nf6 2. c4 c5 3. d5 b5 4. Nd2 g6 5. e4 bxc4 6. Ngf3 d6 7. Bxc4 Bg7 8. e5 dxe5 9. Nxe5 O-O 10. Ndf3 Bb7 11. O-O Nxd5 12. Re1 e6 13. h4 Nc6 14. Ng4 Nd4 15. Nxd4 cxd4 16. Bh6 Nf6 17. Bxg7 Kxg7 18. Ne5 Qb6 19. b3 Rfd8 20. Qd2 h6 21. Rad1 a5 22. Nxf7 Kxf7 23. Rxe6 Qxe6 24. Bxe6+ Kxe6 25. Qxh6 Be4 26. f3 Bf5 27. g4 Bc2 28. Re1+ Kf7 29. Qf4 d3 30. g5 d2 31. Qxf6+ Kg8 32. Qe6+ Kg7 33. Qf6+ Kg8 34. Qe6+ Kg7 35. Qf6+ Kg8 1/2-1/2

[Event "EOBCC 2020"]
[Site "Online"]
[Date "2020.12.18"]
[Round "8.124"]
[White "Psyk, Radoslaw"]
[Black "Fiedorek, Michal"]
[Result "1-0"]
[WhiteElo "2375"]
[BlackElo "2176"]
[Annotator "ChessBase"]
[PlyCount "71"]
[EventDate "2020.12.18"]
[EventType "tourn"]
[EventCountry "NET"]
[SourceTitle "playchess.com"]
[Source "ChessBase"]
[SourceQuality "1"]

1. e4 c5 2. Nc3 Nc6 3. Bb5 Nd4 4. Bc4 e6 5. Nge2 Nf6 6. d3 d6 7. O-O Be7 8. Nxd4 cxd4 9. Ne2 Qb6 10. Bb3 O-O 11. Qe1 Bd7 12. Kh1 Bc6 13. f4 a5 14. a4 d5 15. e5 Ng4 16. Ng3 Ne3 17. Bxe3 dxe3 18. f5 Bh4 19. f6 gxf6 20. exf6 Kh8 21. Qe2 Bxg3 22. hxg3 d4 23. Rf4 Qc5 24. Rh4 Rg8 25. Kh2 Qg5 26. Rh1 Qxg3+ 27. Kg1 Qxg2+ 28. Qxg2 Rxg2+ 29. Kf1 Rf2+ 30. Ke1 Bxh1 31. Rxh1 Rxf6 32. c4 Rg8 33. c5 Rf2 34. c6 bxc6 35. Bd1 Rxb2 36. Rf1 1-0

[Event "EOBCC 2020"]
[Site "Online"]
[Date "2020.12.18"]
[Round "8.125"]
[White "Silich, Yahor"]
[Black "Czernek, Tymon"]
[Result "0-1"]
[WhiteElo "2330"]
[BlackElo "2359"]
[Annotator "NA"]
[PlyCount "74"]
[EventDate "2020.12.18"]
[EventType "tourn"]
[EventCountry "NET"]
[SourceTitle "playchess.com"]
[Source "ChessBase"]
[SourceQuality "1"]

1. e4 c5 2. Nf3 d6 3. Bb5+ Nd7 4. d4 cxd4 5. Qxd4 Ngf6 6. Bg5 a6 7. Bxd7+ Bxd7 8. O-O e6 9. Rd1 Be7 10. e5 dxe5 11. Nxe5 O-O 12. Nxd7 Nxd7 13. Bxe7 Qxe7 14. Nc3 Nf6 15. Qd6 Qxd6 16. Rxd6 b5 17. a3 Rfd8 18. Rad1 Rxd6 19. Rxd6 Kf8 20. f3 Ke7 21. Rb6 Nd7 22. Rb7 Kd6 23. a4 Kc6 24. Rxd7 Kxd7 25. axb5 axb5 26. Nxb5 Ra2 27. Kf2 Rxb2 28. Nd4 e5 29. Nf5 Rxc2+ 30. Kg3 g6 31. Ne3 Ra2 32. h4 f5 33. Nc4 Ke6 34. Kh3 e4 35. Kg3 Ra4 36. Ne3 Ke5 37. Nc2 f4+ 0-1

[Event "EOBCC 2020"]
[Site "Online"]
[Date "2020.12.18"]
[Round "8.127"]
[White "Chyzy, Jakub"]
[Black "Dworakowska, Joanna"]
[Result "1-0"]
[WhiteElo "2250"]
[BlackElo "2322"]
[Annotator "NA"]
[PlyCount "81"]
[EventDate "2020.12.18"]
[EventType "tourn"]
[EventCountry "NET"]
[SourceTitle "playchess.com"]
[Source "ChessBase"]
[SourceQuality "1"]

1. e4 c5 2. Nf3 d6 3. d4 cxd4 4. Qxd4 Nf6 5. Nc3 a6 6. Bg5 Nc6 7. Qd2 e6 8. O-O-O Qc7 9. Kb1 Nd7 10. Nd4 b5 11. f4 Bb7 12. Nxc6 Bxc6 13. Bd3 Nb6 14. Rhe1 b4 15. Nd5 Nxd5 16. exd5 Bxd5 17. Bb5+ Bc6 18. Bxc6+ Qxc6 19. Qxb4 Be7 20. Bxe7 Kxe7 21. Qd4 f6 22. Qe3 Qd7 23. Qg3 Kf7 24. f5 e5 25. Qb3+ Ke7 26. Qg3 Kf7 27. Qa3 Rhd8 28. g4 h6 29. c4 Qc6 30. b3 Rab8 31. Ka1 d5 32. c5 d4 33. b4 Rd5 34. h4 Rd7 35. Qb3+ Ke8 36. Qg8+ Ke7 37. Qxb8 Qf3 38. Rc1 d3 39. Qb6 d2 40. Qe6+ Kd8 41. Qb6+ 1-0

[Event "EOBCC 2020"]
[Site "Online"]
[Date "2020.12.18"]
[Round "8.129"]
[White "Lukasiewicz, Krzysztof"]
[Black "Hertlein, Irena"]
[Result "0-1"]
[WhiteElo "2359"]
[BlackElo "1893"]
[Annotator "NA"]
[PlyCount "78"]
[EventDate "2020.12.18"]
[EventType "tourn"]
[EventCountry "NET"]
[SourceTitle "playchess.com"]
[Source "ChessBase"]
[SourceQuality "1"]

1. d4 d5 2. Bf4 e6 3. e3 Nf6 4. Nf3 c5 5. c3 Bd6 6. Bg3 Nc6 7. Nbd2 O-O 8. Bd3 b6 9. Qe2 Bb7 10. Rd1 Ne7 11. e4 dxe4 12. Nxe4 Nxe4 13. Bxe4 Bxe4 14. Qxe4 Qc7 15. dxc5 Bxg3 16. hxg3 Ng6 17. cxb6 Qxb6 18. Rd2 Rfd8 19. b3 Rxd2 20. Qxa8+ Rd8 21. Qe4 Qa5 22. Qc2 Qd5 23. O-O Rc8 24. c4 Qa5 25. Rd1 h6 26. Nd4 Qb4 27. Nb5 a6 28. Nd6 Rd8 29. Ne4 Rxd1+ 30. Qxd1 Qa3 31. Qd8+ Kh7 32. Qd7 Ne5 33. Qc7 Qc1+ 34. Kh2 Ng4+ 35. Kh3 Qh1+ 36. Kxg4 Qxg2 37. Qf4 f5+ 38. Kh5 g6+ 39. Kh4 Qh2# 0-1